| 000 | 01047nac a22002531i 4500 | ||
|---|---|---|---|
| 003 | EG-ScBUE | ||
| 005 | 20240122121110.0 | ||
| 008 | 121017s1960 le a af 000 0bara d | ||
| 040 |
_aEG-ScBUE _bara _erda _cEG-ScBUE _dEG-ScBUE |
||
| 043 | _af-ua--- | ||
| 082 | 0 | 4 |
_a962.053 _bا ل ج _222 |
| 100 | 1 |
_aالجندي، أنور، _eمؤلف. _931151 |
|
| 245 | 1 | 0 |
_aهذا هو جمال : _bمن بني مر .. إلى الجمهورية العربية المتحدة / _cأنور الجندي. |
| 264 | 1 |
_aبيروت : _bمكتبة المعارف، _c1960. |
|
| 300 |
_a288 صفحة : _bإيضاحيات ؛ _c24 سم |
||
| 336 |
_2rdacontent _aنص _btxt |
||
| 337 |
_aبدون وسيط _2rdamedia _bn |
||
| 338 |
_aمجلد _bnc _2rdacarrier |
||
| 600 | 1 | 7 |
_aعبد الناصر، جمال، _d1918-1970. _2BUEsh |
| 650 | 7 |
_aالسياسيون المصريون _vتراجم. _2BUEsh _931153 |
|
| 651 | 7 |
_aمصر _xتاريخ _yالعصر الحديث _yجمال عبد الناصر (1954-1970). _2BUEsh _931154 |
|
| 655 | _vReading book | ||
| 942 |
_cBB _2ddc |
||
| 999 |
_c8091 _d8091 |
||